[Event "ODJM B 2024"]
[Site "Willingen GER"]
[Date "2024.05.19"]
[Round "1"]
[White "Foos, Vanessa"]
[Black "Will, Elina"]
[Result "0-1"]
[Termination "normal"]
[Board "37"]
[WhiteElo "1588"]
[BlackElo "1640"]
[WhiteClock "00:39:20"]
[BlackClock "01:14:24"]
[PlyCount "60"]
[WhiteFideId "16245270"]
[BlackFideId "34623434"]
[EventCountry "GER"]
[EventRounds "9"]
[EventType "swiss"]
[EventDate "2024.05.18"]

1. d4 {[%clk 01:30:54]} {[%emt 00:00:06]} Nf6 {[%clk 01:30:55]} {[%emt
00:00:05]} 2. c4 {[%clk 01:31:18]} {[%emt 00:00:06]} g6 {[%clk 01:31:21]}
{[%emt 00:00:04]} 3. Nf3 {[%clk 01:31:42]} {[%emt 00:00:06]} Bg7 {[%clk
01:31:46]} {[%emt 00:00:05]} 4. Nc3 {[%clk 01:32:07]} {[%emt 00:00:06]} d5
{[%clk 01:32:10]} {[%emt 00:00:05]} 5. c5 {[%clk 01:26:14]} {[%emt 00:06:23]}
c6 {[%clk 01:30:49]} {[%emt 00:01:50]} 6. Bf4 {[%clk 01:24:37]} {[%emt
00:02:07]} Nbd7 {[%clk 01:30:48]} {[%emt 00:00:31]} 7. Qa4 {[%clk 01:19:02]}
{[%emt 00:06:05]} O-O {[%clk 01:30:01]} {[%emt 00:01:16]} 8. e3 {[%clk
01:18:01]} {[%emt 00:01:32]} Ne4 {[%clk 01:28:59]} {[%emt 00:01:31]} 9. Nxe4
{[%clk 01:10:19]} {[%emt 00:08:13]} dxe4 {[%clk 01:29:20]} {[%emt 00:00:08]}
10. Nd2 {[%clk 01:08:28]} {[%emt 00:02:21]} f5 {[%clk 01:24:25]} {[%emt
00:05:25]} 11. Bc4+ {[%clk 01:08:19]} {[%emt 00:00:39]} Kh8 {[%clk 01:20:56]}
{[%emt 00:03:59]} 12. h4 {[%clk 00:58:46]} {[%emt 00:10:03]} e5 {[%clk
01:19:03]} {[%emt 00:02:23]} 13. Bg5 {[%clk 00:58:45]} {[%emt 00:00:32]} Qe8
{[%clk 01:18:32]} {[%emt 00:01:01]} 14. h5 {[%clk 00:50:53]} {[%emt 00:08:22]}
exd4 {[%clk 01:16:59]} {[%emt 00:02:03]} 15. hxg6 {[%clk 00:51:03]} {[%emt
00:00:19]} Qxg6 {[%clk 01:17:17]} {[%emt 00:00:12]} 16. Be7 {[%clk 00:49:24]}
{[%emt 00:02:10]} Re8 {[%clk 01:17:35]} {[%emt 00:00:12]} 17. Bd6 {[%clk
00:42:37]} {[%emt 00:07:17]} b5 {[%clk 01:17:40]} {[%emt 00:00:26]} 18. Bxb5
{[%clk 00:43:01]} {[%emt 00:00:06]} cxb5 {[%clk 01:17:57]} {[%emt 00:00:12]}
19. Qxb5 {[%clk 00:43:26]} {[%emt 00:00:05]} dxe3 {[%clk 01:16:41]} {[%emt
00:01:46]} 20. fxe3 {[%clk 00:43:41]} {[%emt 00:00:15]} a5 {[%clk 01:16:23]}
{[%emt 00:00:47]} 21. O-O-O {[%clk 00:42:59]} {[%emt 00:01:12]} Qf6 {[%clk
01:14:47]} {[%emt 00:02:04]} 22. Nc4 {[%clk 00:42:25]} {[%emt 00:01:06]} Ba6
{[%clk 01:14:48]} {[%emt 00:00:29]} 23. Qxd7 {[%clk 00:41:29]} {[%emt
00:01:26]} Bxc4 {[%clk 01:15:08]} {[%emt 00:00:09]} 24. Rd2 {[%clk 00:41:13]}
{[%emt 00:00:46]} Bd3 {[%clk 01:13:16]} {[%emt 00:02:21]} 25. g4 {[%clk
00:39:59]} {[%emt 00:01:44]} Red8 {[%clk 01:13:13]} {[%emt 00:00:33]} 26. Qa4
{[%clk 00:40:03]} {[%emt 00:00:27]} Rac8 {[%clk 01:13:33]} {[%emt 00:00:11]}
27. Rdh2 {[%clk 00:39:28]} {[%emt 00:01:04]} Rxd6 {[%clk 01:13:20]} {[%emt
00:00:43]} 28. Rxh7+ {[%clk 00:39:40]} {[%emt 00:00:18]} Kg8 {[%clk 01:13:46]}
{[%emt 00:00:04]} 29. Qb3+ {[%clk 00:39:36]} {[%emt 00:00:34]} Qe6 {[%clk
01:14:02]} {[%emt 00:00:15]} 30. Qb7 {[%clk 00:39:20]} {[%emt 00:00:46]} Rxc5+
{[%clk 01:14:24]} {[%emt 00:00:08]} 0-1

[Event "ODJM B 2024"]
[Site "Willingen GER"]
[Date "2024.05.19"]
[Round "1"]
[White "Malan, Jan-Willem"]
[Black "Ensslen, Jakob"]
[Result "0-1"]
[Termination "normal"]
[Board "38"]
[WhiteElo "1664"]
[BlackElo "1740"]
[WhiteClock "00:53:17"]
[BlackClock "00:29:27"]
[PlyCount "92"]
[WhiteFideId "34624260"]
[BlackFideId "34640258"]
[EventCountry "GER"]
[EventRounds "9"]
[EventType "swiss"]
[EventDate "2024.05.18"]

1. c4 {[%clk 01:30:55]} {[%emt 00:00:05]} e5 {[%clk 01:30:52]} {[%emt
00:00:09]} 2. g3 {[%clk 01:31:14]} {[%emt 00:00:11]} c6 {[%clk 01:31:13]}
{[%emt 00:00:09]} 3. d4 {[%clk 01:31:36]} {[%emt 00:00:08]} e4 {[%clk
01:31:34]} {[%emt 00:00:09]} 4. d5 {[%clk 01:31:30]} {[%emt 00:00:36]} Nf6
{[%clk 01:25:46]} {[%emt 00:06:18]} 5. Bg2 {[%clk 01:28:42]} {[%emt 00:03:18]}
Bb4+ {[%clk 01:20:22]} {[%emt 00:05:54]} 6. Bd2 {[%clk 01:25:06]} {[%emt
00:04:06]} Bxd2+ {[%clk 01:20:22]} {[%emt 00:00:29]} 7. Qxd2 {[%clk 01:24:36]}
{[%emt 00:01:01]} O-O {[%clk 01:18:34]} {[%emt 00:02:18]} 8. Nc3 {[%clk
01:18:01]} {[%emt 00:07:05]} Re8 {[%clk 01:17:38]} {[%emt 00:01:26]} 9. e3
{[%clk 01:14:50]} {[%emt 00:03:40]} d6 {[%clk 01:09:51]} {[%emt 00:08:17]} 10.
Nge2 {[%clk 00:57:01]} {[%emt 00:18:19]} c5 {[%clk 01:05:32]} {[%emt 00:04:50]}
11. Qc2 {[%clk 00:50:27]} {[%emt 00:07:04]} Bf5 {[%clk 01:03:16]} {[%emt
00:02:45]} 12. Nc1 {[%clk 00:47:46]} {[%emt 00:03:12]} Nbd7 {[%clk 00:58:21]}
{[%emt 00:05:25]} 13. Nb3 {[%clk 00:46:35]} {[%emt 00:01:41]} Ne5 {[%clk
00:50:54]} {[%emt 00:07:56]} 14. Nd2 {[%clk 00:46:28]} {[%emt 00:00:37]} Nd3+
{[%clk 00:49:40]} {[%emt 00:01:44]} 15. Kf1 {[%clk 00:44:00]} {[%emt 00:02:59]}
Qe7 {[%clk 00:41:10]} {[%emt 00:09:00]} 16. a3 {[%clk 00:42:42]} {[%emt
00:01:48]} Ng4 {[%clk 00:34:40]} {[%emt 00:06:59]} 17. h3 {[%clk 00:37:15]}
{[%emt 00:05:57]} Ngxf2 {[%clk 00:30:21]} {[%emt 00:04:48]} 18. Rh2 {[%clk
00:37:01]} {[%emt 00:00:45]} Qe5 {[%clk 00:28:16]} {[%emt 00:02:35]} 19. Ne2
{[%clk 00:35:58]} {[%emt 00:01:33]} Qf6 {[%clk 00:18:42]} {[%emt 00:10:05]} 20.
Qc3 {[%clk 00:33:09]} {[%emt 00:03:18]} Qxc3 {[%clk 00:16:39]} {[%emt
00:02:33]} 21. Nxc3 {[%clk 00:33:29]} {[%emt 00:00:10]} a6 {[%clk 00:14:15]}
{[%emt 00:02:54]} 22. Ke2 {[%clk 00:33:10]} {[%emt 00:00:49]} Bg6 {[%clk
00:11:02]} {[%emt 00:03:44]} 23. Bxe4 {[%clk 00:32:35]} {[%emt 00:01:05]} Nxe4
{[%clk 00:07:08]} {[%emt 00:04:24]} 24. Ncxe4 {[%clk 00:32:05]} {[%emt
00:01:00]} Rxe4 {[%clk 00:06:31]} {[%emt 00:01:07]} 25. Kxd3 {[%clk 00:31:21]}
{[%emt 00:01:14]} Rg4+ {[%clk 00:06:04]} {[%emt 00:00:57]} 26. Ke2 {[%clk
00:28:59]} {[%emt 00:02:52]} Rxg3 {[%clk 00:06:26]} {[%emt 00:00:08]} 27. Re1
{[%clk 00:28:46]} {[%emt 00:00:44]} Re8 {[%clk 00:05:05]} {[%emt 00:01:51]} 28.
Kf2 {[%clk 00:28:24]} {[%emt 00:00:52]} Rg5 {[%clk 00:05:20]} {[%emt 00:00:14]}
29. b4 {[%clk 00:25:51]} {[%emt 00:03:04]} cxb4 {[%clk 00:05:17]} {[%emt
00:00:33]} 30. axb4 {[%clk 00:26:16]} {[%emt 00:00:05]} Rf5+ {[%clk 00:05:14]}
{[%emt 00:00:33]} 31. Ke2 {[%clk 00:25:59]} {[%emt 00:00:47]} Rfe5 {[%clk
00:05:21]} {[%emt 00:00:23]} 32. Kf2 {[%clk 00:25:59]} {[%emt 00:00:31]} Bd3
{[%clk 00:04:47]} {[%emt 00:01:04]} 33. Kf3 {[%clk 00:24:49]} {[%emt 00:01:39]}
Rc8 {[%clk 00:04:35]} {[%emt 00:00:42]} 34. Rc1 {[%clk 00:24:07]} {[%emt
00:01:12]} b5 {[%clk 00:04:33]} {[%emt 00:00:31]} 35. e4 {[%clk 00:23:44]}
{[%emt 00:00:53]} bxc4 {[%clk 00:03:40]} {[%emt 00:01:23]} 36. Nxc4 {[%clk
00:24:04]} {[%emt 00:00:09]} Rxc4 {[%clk 00:03:15]} {[%emt 00:00:55]} 37. Rxc4
{[%clk 00:24:19]} {[%emt 00:00:15]} Bxc4 {[%clk 00:03:37]} {[%emt 00:00:08]}
38. Rc2 {[%clk 00:24:46]} {[%emt 00:00:03]} Bb5 {[%clk 00:03:34]} {[%emt
00:00:33]} 39. Rc8+ {[%clk 00:24:53]} {[%emt 00:00:24]} Re8 {[%clk 00:03:47]}
{[%emt 00:00:16]} 40. Rc3 {[%clk 00:25:02]} {[%emt 00:00:21]} g6 {[%clk
00:03:29]} {[%emt 00:00:48]} 41. Kf4 {[%clk 00:25:06]} {[%emt 00:00:26]} Kg7
{[%clk 00:02:59]} {[%emt 00:00:59]} 42. Rg3 {[%clk 00:24:58]} {[%emt 00:00:38]}
Rc8 {[%clk 00:01:03]} {[%emt 00:02:27]} 43. h4 {[%clk 00:23:29]} {[%emt
00:01:59]} Rc4 {[%clk 00:30:27]} {[%emt 00:01:05]} 44. Rb3 {[%clk 00:53:45]}
{[%emt 00:00:15]} Ba4 {[%clk 00:29:46]} {[%emt 00:01:11]} 45. Rb2 {[%clk
00:53:41]} {[%emt 00:00:33]} Bc2 {[%clk 00:29:59]} {[%emt 00:00:16]} 46. Ke3
{[%clk 00:53:17]} {[%emt 00:00:54]} Bxe4 {[%clk 00:29:27]} {[%emt 00:01:27]}
0-1

[Event "ODJM B 2024"]
[Site "Willingen GER"]
[Date "2024.05.19"]
[Round "1"]
[White "Wang, Kaiwen"]
[Black "Rodriguez, Philipp"]
[Result "1-0"]
[Termination "normal"]
[Board "39"]
[WhiteElo "1701"]
[BlackElo "1663"]
[WhiteClock "01:08:17"]
[BlackClock "00:34:57"]
[PlyCount "63"]
[WhiteFideId "16279514"]
[BlackFideId "34659170"]
[EventCountry "GER"]
[EventRounds "9"]
[EventType "swiss"]
[EventDate "2024.05.18"]

1. e4 {[%clk 01:30:57]} {[%emt 00:00:03]} c5 {[%clk 01:30:41]} {[%emt
00:00:19]} 2. Nf3 {[%clk 01:31:12]} {[%emt 00:00:14]} d6 {[%clk 01:30:47]}
{[%emt 00:00:24]} 3. d4 {[%clk 01:31:22]} {[%emt 00:00:20]} cxd4 {[%clk
01:31:10]} {[%emt 00:00:08]} 4. Nxd4 {[%clk 01:31:39]} {[%emt 00:00:12]} Nf6
{[%clk 01:31:32]} {[%emt 00:00:08]} 5. Nc3 {[%clk 01:31:45]} {[%emt 00:00:23]}
a6 {[%clk 01:31:54]} {[%emt 00:00:09]} 6. f3 {[%clk 01:31:54]} {[%emt
00:00:20]} e6 {[%clk 01:32:15]} {[%emt 00:00:10]} 7. Be3 {[%clk 01:32:04]}
{[%emt 00:00:20]} h5 {[%clk 01:32:25]} {[%emt 00:00:21]} 8. Qd2 {[%clk
01:30:23]} {[%emt 00:02:11]} Be7 {[%clk 01:32:19]} {[%emt 00:00:36]} 9. Be2
{[%clk 01:29:33]} {[%emt 00:01:19]} Qc7 {[%clk 01:32:39]} {[%emt 00:00:11]} 10.
a3 {[%clk 01:29:19]} {[%emt 00:00:45]} Nbd7 {[%clk 01:30:33]} {[%emt 00:02:35]}
11. Nb3 {[%clk 01:27:45]} {[%emt 00:02:04]} b5 {[%clk 01:27:29]} {[%emt
00:03:34]} 12. Bf4 {[%clk 01:23:12]} {[%emt 00:04:59]} e5 {[%clk 01:17:47]}
{[%emt 00:10:17]} 13. Be3 {[%clk 01:23:04]} {[%emt 00:00:37]} Bb7 {[%clk
01:15:25]} {[%emt 00:02:51]} 14. O-O {[%clk 01:20:23]} {[%emt 00:03:10]} Nb6
{[%clk 01:10:58]} {[%emt 00:04:58]} 15. Bf2 {[%clk 01:17:20]} {[%emt 00:03:34]}
Nc4 {[%clk 01:10:25]} {[%emt 00:01:02]} 16. Bxc4 {[%clk 01:17:37]} {[%emt
00:00:13]} Qxc4 {[%clk 01:09:45]} {[%emt 00:01:09]} 17. Na5 {[%clk 01:17:17]}
{[%emt 00:00:51]} Qc7 {[%clk 01:08:57]} {[%emt 00:01:18]} 18. Nxb7 {[%clk
01:17:34]} {[%emt 00:00:13]} Qxb7 {[%clk 01:09:20]} {[%emt 00:00:07]} 19. Rad1
{[%clk 01:16:50]} {[%emt 00:01:15]} Rc8 {[%clk 01:06:51]} {[%emt 00:02:58]} 20.
Qe2 {[%clk 01:15:45]} {[%emt 00:01:35]} Qc6 {[%clk 00:59:51]} {[%emt 00:07:30]}
21. Rc1 {[%clk 01:15:07]} {[%emt 00:01:08]} Bd8 {[%clk 00:57:59]} {[%emt
00:02:23]} 22. Rfd1 {[%clk 01:12:26]} {[%emt 00:03:10]} Bb6 {[%clk 00:55:08]}
{[%emt 00:03:21]} 23. Nd5 {[%clk 01:11:31]} {[%emt 00:01:26]} Bxf2+ {[%clk
00:54:33]} {[%emt 00:01:04]} 24. Qxf2 {[%clk 01:11:52]} {[%emt 00:00:09]} Nxd5
{[%clk 00:54:40]} {[%emt 00:00:23]} 25. Rxd5 {[%clk 01:12:01]} {[%emt
00:00:22]} Ke7 {[%clk 00:52:34]} {[%emt 00:02:35]} 26. Rcd1 {[%clk 01:11:24]}
{[%emt 00:01:08]} Rc7 {[%clk 00:42:47]} {[%emt 00:10:16]} 27. c3 {[%clk
01:10:37]} {[%emt 00:01:17]} g6 {[%clk 00:41:41]} {[%emt 00:01:35]} 28. Qd2
{[%clk 01:10:06]} {[%emt 00:01:01]} Rd7 {[%clk 00:39:30]} {[%emt 00:02:41]} 29.
Qg5+ {[%clk 01:09:59]} {[%emt 00:00:37]} Ke6 {[%clk 00:38:39]} {[%emt
00:01:20]} 30. f4 {[%clk 01:09:08]} {[%emt 00:01:23]} Qb6+ {[%clk 00:36:41]}
{[%emt 00:02:27]} 31. Kh1 {[%clk 01:09:14]} {[%emt 00:00:25]} exf4 {[%clk
00:34:57]} {[%emt 00:02:14]} 32. e5 {[%clk 01:08:17]} {[%emt 00:01:27]} 1-0

[Event "ODJM B 2024"]
[Site "Willingen GER"]
[Date "2024.05.19"]
[Round "1"]
[White "Schmidt, Jan"]
[Black "Brückner, Julian"]
[Result "1-0"]
[Termination "normal"]
[Board "40"]
[WhiteElo "1663"]
[BlackElo "1766"]
[WhiteClock "00:11:29"]
[BlackClock "00:02:23"]
[PlyCount "95"]
[WhiteFideId "34625682"]
[BlackFideId "34630031"]
[EventCountry "GER"]
[EventRounds "9"]
[EventType "swiss"]
[EventDate "2024.05.18"]

1. d4 {[%clk 01:30:57]} {[%emt 00:00:03]} d5 {[%clk 01:30:07]} {[%emt
00:00:54]} 2. c4 {[%clk 01:29:02]} {[%emt 00:02:25]} e6 {[%clk 01:29:44]}
{[%emt 00:00:53]} 3. Nf3 {[%clk 01:27:56]} {[%emt 00:01:36]} Nf6 {[%clk
01:28:53]} {[%emt 00:01:21]} 4. e3 {[%clk 01:26:26]} {[%emt 00:02:00]} Be7
{[%clk 01:27:56]} {[%emt 00:01:26]} 5. Be2 {[%clk 01:25:17]} {[%emt 00:01:38]}
O-O {[%clk 01:24:58]} {[%emt 00:03:29]} 6. O-O {[%clk 01:24:41]} {[%emt
00:01:06]} Nbd7 {[%clk 01:23:30]} {[%emt 00:01:58]} 7. b3 {[%clk 01:23:15]}
{[%emt 00:01:57]} b6 {[%clk 01:19:36]} {[%emt 00:04:23]} 8. Nbd2 {[%clk
01:22:24]} {[%emt 00:01:21]} Bb7 {[%clk 01:18:31]} {[%emt 00:01:35]} 9. Qc2
{[%clk 01:21:39]} {[%emt 00:01:14]} Rc8 {[%clk 01:13:14]} {[%emt 00:05:48]} 10.
Bd3 {[%clk 01:12:01]} {[%emt 00:10:08]} c5 {[%clk 01:08:30]} {[%emt 00:05:14]}
11. e4 {[%clk 01:07:11]} {[%emt 00:05:20]} dxe4 {[%clk 00:34:23]} {[%emt
00:34:37]} 12. Nxe4 {[%clk 01:06:27]} {[%emt 00:01:13]} cxd4 {[%clk 00:32:11]}
{[%emt 00:02:43]} 13. Nxd4 {[%clk 01:05:19]} {[%emt 00:01:38]} Bxe4 {[%clk
00:31:30]} {[%emt 00:01:10]} 14. Bxe4 {[%clk 01:05:34]} {[%emt 00:00:14]} Nc5
{[%clk 00:31:48]} {[%emt 00:00:12]} 15. Nc6 {[%clk 01:05:10]} {[%emt 00:00:55]}
Qe8 {[%clk 00:28:48]} {[%emt 00:03:30]} 16. Nxe7+ {[%clk 01:04:45]} {[%emt
00:00:55]} Qxe7 {[%clk 00:29:07]} {[%emt 00:00:11]} 17. Bf3 {[%clk 01:03:44]}
{[%emt 00:01:31]} h6 {[%clk 00:27:56]} {[%emt 00:01:41]} 18. Ba3 {[%clk
01:02:10]} {[%emt 00:02:00]} Qc7 {[%emt 00:27:48]} 19. Rad1 {[%clk 00:36:32]}
Rfd8 {[%clk 00:24:21]} {[%emt 00:02:57]} 20. Rxd8+ {[%clk 00:30:32]} {[%emt
00:06:31]} Rxd8 {[%clk 00:23:00]} {[%emt 00:01:52]} 21. h3 {[%clk 00:26:55]}
{[%emt 00:04:07]} e5 {[%clk 00:20:19]} {[%emt 00:03:10]} 22. Rd1 {[%clk
00:23:51]} {[%emt 00:03:32]} Ne6 {[%clk 00:18:20]} {[%emt 00:02:32]} 23. Bb2
{[%clk 00:18:54]} {[%emt 00:05:27]} Nd4 {[%clk 00:15:40]} {[%emt 00:03:09]} 24.
Bxd4 {[%clk 00:18:42]} {[%emt 00:00:43]} exd4 {[%clk 00:15:38]} {[%emt
00:00:32]} 25. Qb2 {[%clk 00:14:39]} {[%emt 00:04:33]} Qf4 {[%clk 00:14:44]}
{[%emt 00:01:24]} 26. Qa3 {[%clk 00:14:15]} {[%emt 00:00:54]} d3 {[%clk
00:13:04]} {[%emt 00:02:10]} 27. Qxa7 {[%clk 00:11:55]} {[%emt 00:02:50]} d2
{[%clk 00:11:37]} {[%emt 00:01:56]} 28. Qxb6 {[%clk 00:10:07]} {[%emt
00:02:18]} Re8 {[%clk 00:11:34]} {[%emt 00:00:33]} 29. Qa5 {[%clk 00:10:12]}
{[%emt 00:00:25]} Ne4 {[%clk 00:01:51]} {[%emt 00:10:13]} 30. Bxe4 {[%clk
00:10:27]} {[%emt 00:00:16]} Rxe4 {[%clk 00:02:12]} {[%emt 00:00:10]} 31. Qxd2
{[%clk 00:10:50]} {[%emt 00:00:07]} Qe5 {[%clk 00:02:24]} {[%emt 00:00:18]} 32.
Qd8+ {[%clk 00:09:54]} {[%emt 00:01:25]} Kh7 {[%clk 00:02:52]} {[%emt
00:00:02]} 33. Qd3 {[%clk 00:10:15]} {[%emt 00:00:09]} f5 {[%clk 00:02:41]}
{[%emt 00:00:41]} 34. Qg3 {[%clk 00:09:59]} {[%emt 00:00:45]} Re1+ {[%clk
00:01:24]} {[%emt 00:01:48]} 35. Rxe1 {[%clk 00:10:22]} {[%emt 00:00:07]} Qxe1+
{[%clk 00:01:52]} {[%emt 00:00:02]} 36. Kh2 {[%clk 00:10:42]} {[%emt 00:00:09]}
Qd2 {[%clk 00:01:57]} {[%emt 00:00:24]} 37. a4 {[%clk 00:10:29]} {[%emt
00:00:45]} f4 {[%clk 00:01:48]} {[%emt 00:00:40]} 38. Qf3 {[%clk 00:10:46]}
{[%emt 00:00:12]} Qd6 {[%clk 00:01:55]} {[%emt 00:00:22]} 39. a5 {[%clk
00:10:25]} {[%emt 00:00:52]} g5 {[%clk 00:01:23]} {[%emt 00:01:02]} 40. Qd5
{[%clk 00:10:33]} {[%emt 00:00:22]} Qc7 {[%clk 00:01:18]} {[%emt 00:00:35]} 41.
a6 {[%clk 00:10:22]} {[%emt 00:00:41]} f3+ {[%clk 00:01:15]} {[%emt 00:00:33]}
42. g3 {[%clk 00:10:45]} {[%emt 00:00:07]} Kg6 {[%clk 00:01:33]} {[%emt
00:00:11]} 43. Qxf3 {[%clk 00:11:03]} {[%emt 00:00:12]} Qb6 {[%clk 00:01:41]}
{[%emt 00:00:23]} 44. Kg2 {[%clk 00:10:34]} {[%emt 00:00:59]} Qxa6 {[%clk
00:02:03]} {[%emt 00:00:08]} 45. c5 {[%clk 00:10:55]} {[%emt 00:00:09]} h5
{[%clk 00:02:09]} {[%emt 00:00:24]} 46. c6 {[%clk 00:11:14]} {[%emt 00:00:12]}
Qb6 {[%clk 00:02:12]} {[%emt 00:00:28]} 47. Qd3+ {[%clk 00:11:15]} {[%emt
00:00:26]} Kh6 {[%clk 00:02:23]} {[%emt 00:00:22]} 48. Qd6+ {[%clk 00:11:29]}
{[%emt 00:00:14]} 1-0

[Event "ODJM B 2024"]
[Site "Willingen GER"]
[Date "2024.05.19"]
[Round "1"]
[White "Reuter, Luca Marek"]
[Black "Stepanjan, Tatevik Mia"]
[Result "1-0"]
[Termination "normal"]
[Board "41"]
[WhiteElo "1739"]
[BlackElo "1582"]
[WhiteClock "00:51:25"]
[BlackClock "00:18:05"]
[PlyCount "107"]
[WhiteFideId "16226712"]
[BlackFideId "16246128"]
[EventCountry "GER"]
[EventRounds "9"]
[EventType "swiss"]
[EventDate "2024.05.18"]

1. e4 {[%clk 01:30:51]} {[%emt 00:00:09]} c5 {[%clk 01:30:55]} {[%emt
00:00:05]} 2. Nf3 {[%clk 01:30:59]} {[%emt 00:00:22]} Nc6 {[%clk 01:31:11]}
{[%emt 00:00:13]} 3. b4 {[%clk 01:31:08]} {[%emt 00:00:21]} Nxb4 {[%clk
01:25:12]} {[%emt 00:06:30]} 4. c3 {[%clk 01:31:32]} {[%emt 00:00:06]} Nc6
{[%clk 01:25:19]} {[%emt 00:00:23]} 5. d4 {[%clk 01:31:57]} {[%emt 00:00:04]}
cxd4 {[%clk 01:22:51]} {[%emt 00:02:57]} 6. cxd4 {[%clk 01:32:22]} {[%emt
00:00:06]} d6 {[%clk 01:20:34]} {[%emt 00:02:48]} 7. Bc4 {[%clk 01:21:00]}
{[%emt 00:11:52]} Qb6 {[%clk 01:07:07]} {[%emt 00:13:56]} 8. O-O {[%clk
01:17:08]} {[%emt 00:04:22]} Bg4 {[%clk 01:05:32]} {[%emt 00:02:04]} 9. Be3
{[%clk 00:59:25]} {[%emt 00:18:13]} Qc7 {[%clk 00:57:55]} {[%emt 00:08:05]} 10.
Bxf7+ {[%clk 00:59:34]} {[%emt 00:00:22]} Kd8 {[%clk 00:53:18]} {[%emt
00:05:06]} 11. Bxg8 {[%clk 00:58:13]} {[%emt 00:01:52]} Rxg8 {[%clk 00:53:00]}
{[%emt 00:00:47]} 12. Qb3 {[%clk 00:58:39]} {[%emt 00:00:05]} Rh8 {[%clk
00:49:17]} {[%emt 00:04:12]} 13. Ng5 {[%clk 00:59:02]} {[%emt 00:00:07]} e6
{[%clk 00:33:09]} {[%emt 00:16:37]} 14. f3 {[%clk 00:57:18]} {[%emt 00:02:15]}
h6 {[%clk 00:29:41]} {[%emt 00:03:58]} 15. fxg4 {[%clk 00:54:34]} {[%emt
00:03:14]} hxg5 {[%clk 00:29:09]} {[%emt 00:01:01]} 16. Qxe6 {[%clk 00:54:22]}
{[%emt 00:00:42]} Qe7 {[%clk 00:25:28]} {[%emt 00:04:11]} 17. Qg6 {[%clk
00:52:43]} {[%emt 00:02:09]} Rh6 {[%clk 00:23:46]} {[%emt 00:02:12]} 18. Qxg5
{[%clk 00:52:08]} {[%emt 00:01:06]} Rf6 {[%clk 00:22:52]} {[%emt 00:01:23]} 19.
Nc3 {[%clk 00:50:19]} {[%emt 00:02:20]} Rc8 {[%clk 00:20:31]} {[%emt 00:02:50]}
20. Nd5 {[%clk 00:49:32]} {[%emt 00:01:18]} Rxf1+ {[%clk 00:20:25]} {[%emt
00:00:36]} 21. Rxf1 {[%clk 00:49:56]} {[%emt 00:00:06]} Qxg5 {[%clk 00:20:00]}
{[%emt 00:00:54]} 22. Bxg5+ {[%clk 00:49:52]} {[%emt 00:00:34]} Ke8 {[%clk
00:20:01]} {[%emt 00:00:29]} 23. Rc1 {[%clk 00:49:09]} {[%emt 00:01:13]} Kd7
{[%clk 00:18:56]} {[%emt 00:01:34]} 24. Be3 {[%clk 00:47:16]} {[%emt 00:02:24]}
Re8 {[%clk 00:14:51]} {[%emt 00:04:35]} 25. Nc3 {[%clk 00:47:08]} {[%emt
00:00:38]} g6 {[%clk 00:11:22]} {[%emt 00:03:59]} 26. d5 {[%clk 00:44:17]}
{[%emt 00:03:23]} Ne5 {[%clk 00:10:07]} {[%emt 00:01:44]} 27. Bxa7 {[%clk
00:43:43]} {[%emt 00:01:04]} Nxg4 {[%clk 00:10:06]} {[%emt 00:00:31]} 28. Rb1
{[%clk 00:38:54]} {[%emt 00:05:20]} Kc8 {[%clk 00:09:05]} {[%emt 00:01:30]} 29.
Rc1 {[%clk 00:37:48]} {[%emt 00:01:37]} Kd8 {[%clk 00:08:41]} {[%emt 00:00:53]}
30. Bb6+ {[%clk 00:37:54]} {[%emt 00:00:25]} Kd7 {[%clk 00:08:16]} {[%emt
00:00:52]} 31. Bd4 {[%clk 00:34:28]} {[%emt 00:03:59]} Kd8 {[%clk 00:04:17]}
{[%emt 00:04:28]} 32. Rf1 {[%clk 00:34:27]} {[%emt 00:00:32]} Be7 {[%clk
00:03:30]} {[%emt 00:01:17]} 33. Rf7 {[%clk 00:32:58]} {[%emt 00:01:58]} g5
{[%clk 00:02:50]} {[%emt 00:01:10]} 34. Nb5 {[%clk 00:30:56]} {[%emt 00:02:33]}
Kc8 {[%clk 00:01:43]} {[%emt 00:01:37]} 35. h3 {[%clk 00:29:45]} {[%emt
00:01:41]} Nh6 {[%clk 00:01:34]} {[%emt 00:00:38]} 36. Rh7 {[%clk 00:29:30]}
{[%emt 00:00:46]} Ng8 {[%clk 00:01:43]} {[%emt 00:00:20]} 37. Rg7 {[%clk
00:29:20]} {[%emt 00:00:40]} Kd8 {[%clk 00:01:30]} {[%emt 00:00:43]} 38. Rg6
{[%clk 00:28:44]} {[%emt 00:01:08]} Kd7 {[%clk 00:01:19]} {[%emt 00:00:39]} 39.
Kf2 {[%clk 00:27:47]} {[%emt 00:01:27]} Rf8+ {[%clk 00:00:48]} {[%emt
00:01:01]} 40. Ke3 {[%clk 00:28:02]} {[%emt 00:00:15]} Re8 {[%clk 00:00:44]}
{[%emt 00:00:34]} 41. g3 {[%clk 00:26:28]} {[%emt 00:02:04]} Ra8 {[%clk
00:00:32]} {[%emt 00:00:41]} 42. a4 {[%clk 00:26:14]} {[%emt 00:00:46]} Rf8
{[%clk 00:24:39]} {[%emt 00:06:21]} 43. Bc3 {[%clk 00:54:56]} {[%emt 00:01:50]}
Nf6 {[%clk 00:22:43]} {[%emt 00:02:26]} 44. g4 {[%clk 00:52:12]} {[%emt
00:03:14]} Rf7 {[%clk 00:19:40]} {[%emt 00:03:32]} 45. Rxg5 {[%clk 00:51:11]}
{[%emt 00:01:32]} Nxe4 {[%clk 00:18:54]} {[%emt 00:01:16]} 46. Rg7 {[%clk
00:51:17]} {[%emt 00:00:24]} Rxg7 {[%clk 00:18:25]} {[%emt 00:00:59]} 47. Bxg7
{[%clk 00:51:43]} {[%emt 00:00:05]} Ng5 {[%clk 00:17:59]} {[%emt 00:00:55]} 48.
h4 {[%clk 00:51:05]} {[%emt 00:01:08]} Nf7 {[%clk 00:17:16]} {[%emt 00:01:12]}
49. g5 {[%clk 00:51:26]} {[%emt 00:00:11]} Ne5 {[%clk 00:17:09]} {[%emt
00:00:36]} 50. Bxe5 {[%clk 00:49:58]} {[%emt 00:01:59]} dxe5 {[%clk 00:17:30]}
{[%emt 00:00:09]} 51. Ke4 {[%clk 00:50:26]} {[%emt 00:00:02]} Bf8 {[%clk
00:17:34]} {[%emt 00:00:26]} 52. Kxe5 {[%clk 00:50:36]} {[%emt 00:00:21]} Bg7+
{[%clk 00:17:51]} {[%emt 00:00:13]} 53. Kf5 {[%clk 00:51:02]} {[%emt 00:00:04]}
Ke7 {[%clk 00:18:05]} {[%emt 00:00:16]} 54. Kg6 {[%clk 00:51:25]} {[%emt
00:00:07]} 1-0